A carregar...
Introduction to poetics /
| Autor principal: | |
|---|---|
| Idioma: | Undetermined |
| Publicado em: |
Great Britain :
Harvester Press ,
1981.
|
| LEADER | 00452nam a2200133Ia 4500 | ||
|---|---|---|---|
| 001 | 34481 | ||
| 008 | 170722s9999 xx 000 0 und d | ||
| 100 | |a Todorov, Tzvetan | ||
| 245 | |a Introduction to poetics / | ||
| 260 | |a Great Britain : |b Harvester Press , |c 1981. | ||
| 300 | |a Ppxxxii+83, 22.9cm, 5.95ps | ||
| 942 | |c GEN | ||
| 999 | |c 104760 |d 104760 | ||
| 952 | |0 0 |1 0 |4 0 |6 O_1GP2_M1M11 |7 0 |9 147560 |a LIB |b LIB |d 2017-08-12 |o O,1:g(P:2) M1-M1;1 |p 198835 |r 2017-08-12 |w 2017-08-12 |y GEN | ||